000 01394nam a2200277Ia 4500
003 OSt
005 20201020130504.0
008 191128s2013 ck ad gr 000 0 spa d
020 _a9789586488624
040 _aCO-JMCR
_cCO-JMCR
041 0 _aspa
082 0 4 _a658.4012 /
_bL662e
_223
100 1 _aLópez Navaza, Carlos,
_eautor
_911732
245 1 0 _aEstrategias empresariales /
_cCarlos López Navaza, Ángel Martín Soteras
250 _asegunda edición
260 _aBogotá :
_bEcoe Ediciones : Star Book,
_c2013.
300 _ax, 222 páginas :
_bdiagramas, gráficos a blqanco y negro ;
_c24 cm.
490 0 _aCiencias administrativas ;
_aAdministración
500 _aBibliografía: páginas 217-220. Incluye índice alfabético.
505 0 _aEstrategia -- Estrategias competitivas básicas -- Estrategias competitivas instrumentales -- Estrategias corporativas -- La externalización -- Estrategias de crecimiento externo
520 0 _aOfrece una visión de la realidad empresarial con multitud de opciones estratégicas que conducen a distintos resultados. Por ello, el lector tendrá la oprtunidad de constatar y confrontar sus teorías haciéndole reflexionar sobre su situación actual y sobre
650 2 4 _aEstrategias empresariales
_911586
650 2 4 _aAdministración de empresas
_911733
700 1 _aSoteras, Ángel Martín,
_eautor
_911734
942 _2ddc
_cBK
999 _c6091
_d6091